[Event "CAN-op"]
[Site "Vancouver CAN"]
[Date "1999.07.04"]
[Round "3"]
[White "Strojevs, Alexander"]
[Black "Tsui, Edwin"]
[Result "1-0"]
[WhiteElo "1884"]
[BlackElo "1290"]
[PlyCount "68"]
[GameId "2160767911743045"]
[EventDate "1999.07.02"]
[EventType "swiss"]
[EventRounds "11"]
[EventCountry "CAN"]
[SourceTitle "EXT 2022"]
[Source "ChessBase"]
[SourceDate "2021.10.06"]
[SourceVersion "1"]
[SourceVersionDate "2021.10.06"]
[SourceQuality "1"]

1. d4 Nf6 2. c4 g6 3. Nc3 Bg7 4. e4 d6 5. Be2 O-O 6. Nf3 Nbd7 7. O-O c5 8. d5 Nb6 9. Ne1 Ne8 10. Be3 f5 11. f3 e5 12. Rb1 f4 13. Bf2 Nf6 14. b4 cxb4 15. Rxb4 Nh5 16. c5 dxc5 17. Bxc5 Qg5 18. Rb3 Bh3 19. Rf2 Rfc8 20. Ba3 Bf8 21. Bxf8 Kxf8 22. Qc1 Na4 23. Qa3+ Nc5 24. Rxb7 Kg8 25. Rxa7 Rxa7 26. Qxa7 Nd3 27. Nxd3 Rxc3 28. Qb8+ Rc8 29. Qxe5 Rc1+ 30. Bf1 Qh4 31. Nxc1 Ng3 32. Rb2 Ne2+ 33. Nxe2 Bxg2 34. Rb8+ Kf7 1-0

[Event "CAN-op"]
[Site "Vancouver CAN"]
[Date "1999.07.04"]
[Round "3"]
[White "Taylor, James"]
[Black "Saidy, Anthony"]
[Result "0-1"]
[WhiteElo "1725"]
[BlackElo "2389"]
[PlyCount "70"]
[GameId "2160767911743046"]
[EventDate "1999.07.02"]
[EventType "swiss"]
[EventRounds "11"]
[EventCountry "CAN"]
[SourceTitle "CA OP"]
[Source "ade"]

1. e4 c5 2. Nc3 g6 3. f4 Bg7 4. Nge2 Nc6 5. g3 e6 6. Bg2 Nge7 7. O-O Rb8 8. Nb5 d5 9. exd5 exd5 10. c3 O-O 11. a4 c4 12. Nbd4 Qb6 13. a5 Nxa5 14. Kh1 Bg4 15. h3 Bxe2 16. Qxe2 Rfe8 17. Qf2 Bxd4 18. cxd4 Nb3 19. Ra3 Rbd8 20. g4 Nc6 21. d3 cxd3 22. Be3 Nca5 23. f5 d2 24. fxg6 Qxg6 25. Bf4 f6 26. Bc7 b6 27. Bxd8 Rxd8 28. Qe3 Kh8 29. Rxb3 Re8 30. Qf3 Nxb3 31. Qxb3 Re1 32. Qc3 Rxf1+ 33. Bxf1 d1=Q 34. Qc8+ Kg7 35. Qd7+ Kh6 0-1

[Event "CAN-op"]
[Site "Vancouver CAN"]
[Date "1999.07.04"]
[Round "3"]
[White "Xia, Yanchong"]
[Black "Huber, Gregory"]
[Result "0-1"]
[WhiteElo "1734"]
[BlackElo "2380"]
[PlyCount "50"]
[GameId "2160767911743047"]
[EventDate "1999.07.02"]
[EventType "swiss"]
[EventRounds "11"]
[EventCountry "CAN"]
[SourceTitle "EXT 2022"]
[Source "ChessBase"]
[SourceDate "2021.10.06"]
[SourceVersion "1"]
[SourceVersionDate "2021.10.06"]
[SourceQuality "1"]

1. e4 c5 2. Nf3 d6 3. d4 cxd4 4. Nxd4 Nf6 5. Nc3 a6 6. Bg5 Nc6 7. f4 Qb6 8. Bxf6 gxf6 9. Nb3 Qe3+ 10. Qe2 Qxe2+ 11. Bxe2 e6 12. O-O-O Rg8 13. Bf3 Bd7 14. Na4 O-O-O 15. Kb1 Kc7 16. Rd2 Bh6 17. g3 Ne5 18. fxe5 Bxd2 19. exd6+ Kb8 20. Nb6 Bb4 21. Rd1 Bc6 22. c4 Bxd6 23. c5 Be7 24. Rxd8+ Rxd8 25. Kc2 f5 0-1

[Event "CAN-op"]
[Site "Vancouver CAN"]
[Date "1999.07.04"]
[Round "3"]
[White "Yoos, John"]
[Black "Sullivan, Brian"]
[Result "1-0"]
[WhiteElo "2443"]
[BlackElo "1719"]
[PlyCount "48"]
[GameId "2160767911743048"]
[EventDate "1999.07.02"]
[EventType "swiss"]
[EventRounds "11"]
[EventCountry "CAN"]
[SourceTitle "CA OP"]
[Source "ade"]

1. e4 c5 2. Nf3 d6 3. d4 cxd4 4. Nxd4 Nf6 5. Nc3 g6 6. Be3 Bg7 7. f3 O-O 8. Qd2 Re8 9. O-O-O a6 10. Kb1 b5 11. g4 Bb7 12. h4 Nc6 13. Nxc6 Bxc6 14. h5 b4 15. Ne2 Rb8 16. Ng3 d5 17. hxg6 fxg6 18. g5 Nh5 19. Nxh5 gxh5 20. exd5 Bb5 21. Bh3 a5 22. Be6+ Kh8 23. Rxh5 Bd7 24. Rxh7+ Kxh7 1-0

[Event "CAN-op"]
[Site "Vancouver CAN"]
[Date "1999.07.04"]
[Round "4"]
[White "Basanta, Gary"]
[Black "Mennie, Mark"]
[Result "1-0"]
[WhiteElo "2394"]
[BlackElo "1971"]
[PlyCount "95"]
[GameId "2160767911743049"]
[EventDate "1999.07.02"]
[EventType "swiss"]
[EventRounds "11"]
[EventCountry "CAN"]
[SourceTitle "CA OP"]
[Source "ade"]

1. e4 g6 2. d4 Bg7 3. c4 d6 4. Nc3 Nf6 5. f3 O-O 6. Be3 Nc6 7. Qd2 e5 8. Nge2 a6 9. g4 exd4 10. Nxd4 Ne5 11. Be2 Be6 12. g5 Nfd7 13. f4 Nc6 14. O-O-O Nxd4 15. Bxd4 b5 16. Bxg7 Kxg7 17. Qd4+ Kg8 18. h4 b4 19. Nd5 c5 20. Qd2 Kg7 21. Ne3 b3 22. axb3 Qb6 23. f5 Qxb3 24. fxe6 Ne5 25. Qc3 Qa2 26. Qa3 Qxa3 27. bxa3 fxe6 28. Ng4 Nc6 29. Rxd6 Nd4 30. Rd7+ Rf7 31. Rxf7+ Kxf7 32. Bd1 Kg7 33. Rh2 a5 34. Rb2 Ra7 35. Rb8 a4 36. Nf6 h6 37. Rg8+ Kf7 38. Rh8 hxg5 39. Rh7+ Kxf6 40. hxg5+ Kxg5 41. Rxa7 Kf4 42. Rxa4 Kxe4 43. Bc2+ Nxc2 44. Kxc2 g5 45. Ra6 e5 46. Rg6 Kf5 47. Rg8 Kf4 48. a4 1-0

[Event "CAN-op"]
[Site "Vancouver CAN"]
[Date "1999.07.04"]
[Round "4"]
[White "Brodie, Hugh"]
[Black "Barnes, Mark"]
[Result "1/2-1/2"]
[WhiteElo "1990"]
[BlackElo "1691"]
[PlyCount "66"]
[GameId "2160767911743050"]
[EventDate "1999.07.02"]
[EventType "swiss"]
[EventRounds "11"]
[EventCountry "CAN"]

1. e4 e6 2. d4 d5 3. e5 c5 4. c3 Nc6 5. Nf3 Qb6 6. Bd3 Bd7 7. O-O cxd4 8. cxd4 Nxd4 9. Nxd4 Qxd4 10. Nc3 a6 11. Qe2 Ne7 12. Rd1 Qb6 13. Kh1 g6 14. Be3 Qc7 15. Bg5 Bg7 16. Bf6 Bxf6 17. exf6 d4 18. fxe7 dxc3 19. Rac1 Kxe7 20. Rxc3 Qa5 21. Be4 Rac8 22. Bxb7 Rxc3 23. bxc3 Qxc3 24. Qxa6 Rd8 25. Qd6+ Ke8 26. h3 Qa5 27. a3 Ba4 28. Bc6+ Bxc6 29. Qxc6+ Kf8 30. Rxd8+ Qxd8 31. a4 Qd1+ 32. Kh2 Qd4 33. Qc2 Qe5+ 1/2-1/2

[Event "CAN-op"]
[Site "Vancouver CAN"]
[Date "1999.07.04"]
[Round "4"]
[White "Fuentebella, Mayo"]
[Black "Gushuliak, Justin"]
[Result "1-0"]
[WhiteElo "2332"]
[BlackElo "2073"]
[PlyCount "61"]
[GameId "2160767911743051"]
[EventDate "1999.07.02"]
[EventType "swiss"]
[EventRounds "11"]
[EventCountry "CAN"]
[SourceTitle "CA OP"]
[Source "ade"]

1. c4 Nf6 2. Nc3 g6 3. e4 d6 4. d4 Bg7 5. f3 O-O 6. Be3 e5 7. Nge2 Nc6 8. Qd2 exd4 9. Nxd4 Ne5 10. Be2 Be6 11. b3 Qe7 12. O-O Rfd8 13. h3 Nc6 14. f4 Bd7 15. Bf3 Nxd4 16. Bxd4 Bc6 17. Rae1 a6 18. a4 Rab8 19. Qf2 Qd7 20. g4 b5 21. cxb5 axb5 22. g5 Ne8 23. Bg4 Qe7 24. Nd5 Bxd5 25. exd5 Qf8 26. a5 h5 27. gxh6 Bxh6 28. f5 gxf5 29. Qxf5 Ng7 30. Qf6 Bd2 31. Re7 1-0

[Event "CAN-op"]
[Site "Vancouver CAN"]
[Date "1999.07.04"]
[Round "4"]
[White "Gibney, Eugene"]
[Black "Yoos, John"]
[Result "1/2-1/2"]
[WhiteElo "2199"]
[BlackElo "2443"]
[PlyCount "105"]
[GameId "2160767911743052"]
[EventDate "1999.07.02"]
[EventType "swiss"]
[EventRounds "11"]
[EventCountry "CAN"]
[SourceTitle "CA OP"]
[Source "ade"]

1. e4 c5 2. Ne2 Nc6 3. Nbc3 d6 4. g3 g6 5. Bg2 Bg7 6. O-O Rb8 7. d3 b5 8. f4 Nd4 9. Nxd4 cxd4 10. Ne2 f5 11. c3 dxc3 12. Nxc3 b4 13. Nd5 e6 14. Ne3 Qd7 15. exf5 gxf5 16. Re1 Ne7 17. Qh5+ Kf8 18. Nc4 Bb7 19. Qe2 Bxg2 20. Kxg2 Kf7 21. Be3 d5 22. Ne5+ Bxe5 23. Qh5+ Ng6 24. fxe5 Rhg8 25. Bg5 Ke8 26. Rac1 Rg7 27. Rc2 Rc8 28. Rxc8+ Qxc8 29. Rc1 Qb7 30. d4 Rc7 31. Qd1 Rc4 32. b3 Rc7 33. Rc2 Kd7 34. Qc1 Rxc2+ 35. Qxc2 Qb6 36. Qd3 Kc7 37. Kf1 Kb7 38. Ke1 a6 39. Bd2 a5 40. Bg5 Qa6 41. Qc2 Qc6 42. Qd3 Qe8 43. Qc2 Qc8 44. Qd3 Kb6 45. h4 Qc7 46. Kd1 Nf8 47. Ke2 Nd7 48. g4 fxg4 49. Qxh7 Qc8 50. Bd2 Qf8 51. Qxd7 Qf3+ 52. Ke1 Qh1+ 53. Ke2 1/2-1/2

[Event "CAN-op"]
[Site "Vancouver CAN"]
[Date "1999.07.04"]
[Round "4"]
[White "Gufeld, Eduard"]
[Black "Hua, Lefong"]
[Result "1-0"]
[WhiteElo "2463"]
[BlackElo "2359"]
[PlyCount "87"]
[GameId "2160767911743053"]
[EventDate "1999.07.02"]
[EventType "swiss"]
[EventRounds "11"]
[EventCountry "CAN"]
[SourceTitle "CA OP"]
[Source "ade"]

1. e4 c5 2. Nf3 d6 3. d4 cxd4 4. Nxd4 Nf6 5. Nc3 g6 6. Be3 Bg7 7. f3 Nc6 8. Qd2 O-O 9. O-O-O Nxd4 10. Bxd4 Be6 11. Kb1 a6 12. g4 b5 13. h4 Qc7 14. h5 Rfc8 15. hxg6 hxg6 16. g5 Nh5 17. Bxg7 Kxg7 18. Bh3 Qc5 19. Nd5 Bxh3 20. Rxh3 e6 21. b4 Qa7 22. Nf4 a5 23. Qxd6 axb4 24. Nxh5+ gxh5 25. Qe5+ Kg8 26. Qb2 Qa3 27. Rxh5 Qxb2+ 28. Kxb2 Ra3 29. Rdh1 Rcc3 30. Rh8+ Kg7 31. R1h7+ Kg6 32. f4 Rf3 33. Rh4 Kg7 34. Rb8 Rh3 35. Rxh3 Rxh3 36. Rxb5 Rh4 37. Rxb4 Rxf4 38. a4 Rg4 39. a5 Rxg5 40. Ra4 Kf6 41. a6 Rg8 42. a7 Ra8 43. Kc3 Ke5 44. Kd3 1-0

[Event "CAN-op"]
[Site "Vancouver CAN"]
[Date "1999.07.04"]
[Round "4"]
[White "Karnazes, Alexander"]
[Black "Harmon, Clark"]
[Result "0-1"]
[WhiteElo "1456"]
[BlackElo "2283"]
[PlyCount "52"]
[GameId "2160767911743054"]
[EventDate "1999.07.02"]
[EventType "swiss"]
[EventRounds "11"]
[EventCountry "CAN"]
[SourceTitle "CA OP"]
[Source "ade"]

1. d4 Nf6 2. c4 e5 3. dxe5 Ng4 4. Nf3 Bc5 5. e3 Nc6 6. Be2 O-O 7. O-O Re8 8. b3 Ncxe5 9. Nxe5 Nxe5 10. Bb2 a5 11. Nd2 Ra6 12. Nf3 Nxf3+ 13. Bxf3 Rh6 14. g3 Qg5 15. Qd5 Qe7 16. Rad1 c6 17. Qd2 Qg5 18. Bg2 Qh5 19. h4 g5 20. Bd4 Bb4 21. Qb2 gxh4 22. Bh8 Rg6 23. gxh4 Qf3 24. Qg7+ Rxg7 25. Bxg7 Qg4 26. Bd4 Qxh4 0-1

[Event "CAN-op"]
[Site "Vancouver CAN"]
[Date "1999.07.04"]
[Round "4"]
[White "Lipnowski, Irwin"]
[Black "Arabacioglu, Murat"]
[Result "1-0"]
[WhiteElo "2347"]
[BlackElo "2130"]
[PlyCount "65"]
[GameId "2160767911743055"]
[EventDate "1999.07.02"]
[EventType "swiss"]
[EventRounds "11"]
[EventCountry "CAN"]
[SourceTitle "CA OP"]
[Source "ade"]

1. c4 e5 2. g3 d5 3. cxd5 Nf6 4. Bg2 Nxd5 5. Nf3 Nc6 6. O-O Be7 7. d4 e4 8. Ne5 Nxe5 9. dxe5 Bf5 10. Bxe4 Bxe4 11. Qa4+ c6 12. Qxe4 Qd7 13. Nd2 O-O 14. Nf3 Rae8 15. Bg5 Bd6 16. Qd4 Bb8 17. e4 Nb6 18. Qc3 Qe6 19. Bf4 Qc4 20. Qe3 Qb4 21. b3 c5 22. Rac1 Nd7 23. Rfd1 b6 24. Rd5 Re7 25. Rcd1 Rfe8 26. Bg5 f6 27. exf6 gxf6 28. Qd2 Ne5 29. Nxe5 Bxe5 30. Rxe5 Rxe5 31. Bxf6 c4 32. Qh6 R5e7 33. Rd5 1-0

[Event "CAN-op"]
[Site "Vancouver CAN"]
[Date "1999.07.04"]
[Round "4"]
[White "McCusky, Louis"]
[Black "Ivankovic, Goran"]
[Result "0-1"]
[WhiteElo "1547"]
[BlackElo "1844"]
[PlyCount "82"]
[GameId "2160767911743056"]
[EventDate "1999.07.02"]
[EventType "swiss"]
[EventRounds "11"]
[EventCountry "CAN"]
[SourceTitle "CA OP"]
[Source "ade"]

1. e4 e6 2. g3 d5 3. Bg2 Nf6 4. exd5 exd5 5. d4 Be7 6. Nf3 O-O 7. O-O Nc6 8. Re1 Bg4 9. c3 Qd7 10. Nbd2 Rfe8 11. Nf1 Bd6 12. Ne3 Bh3 13. Bh1 h6 14. Bd2 Ne7 15. Qc1 c6 16. Ng2 Bxg2 17. Bxg2 Ng6 18. h4 Rxe1+ 19. Qxe1 Re8 20. Qf1 Ne4 21. Re1 Nxd2 22. Rxe8+ Qxe8 23. Nxd2 Nf8 24. Nf3 Nd7 25. Nh2 b5 26. Ng4 h5 27. Ne3 Bxg3 28. fxg3 Qxe3+ 29. Kh1 Qxg3 30. Qf5 Qxh4+ 31. Kg1 Qe1+ 32. Kh2 Nf6 33. Qc8+ Qe8 34. Qf5 Qd7 35. Qxd7 Nxd7 36. Bh3 Nb6 37. b3 g6 38. Kg3 Kg7 39. Kf4 Kf6 40. Kg3 g5 41. Bg2 Kg6 0-1

[Event "CAN-op"]
[Site "Vancouver CAN"]
[Date "1999.07.04"]
[Round "4"]
[White "Milicevic, Dragoljub"]
[Black "Chow, Vincent"]
[Result "1-0"]
[WhiteElo "2311"]
[BlackElo "2021"]
[PlyCount "55"]
[GameId "2160767911743057"]
[EventDate "1999.07.02"]
[EventType "swiss"]
[EventRounds "11"]
[EventCountry "CAN"]
[SourceTitle "CA OP"]
[Source "ade"]

1. Nf3 Nf6 2. g3 g6 3. Bg2 Bg7 4. O-O O-O 5. d4 d5 6. c4 c6 7. b3 dxc4 8. bxc4 c5 9. e3 Qc7 10. Qe2 Nc6 11. Bb2 Bf5 12. d5 Nb4 13. Ne1 Rad8 14. e4 Bc8 15. a3 Na6 16. e5 Ne8 17. f4 Nb8 18. Nc3 a6 19. a4 Bh8 20. Ne4 Bf5 21. g4 Bxe4 22. Qxe4 b5 23. axb5 axb5 24. Nd3 f5 25. gxf5 gxf5 26. Qe3 bxc4 27. Nxc5 Nd7 28. Ne6 1-0

[Event "CAN-op"]
[Site "Vancouver CAN"]
[Date "1999.07.04"]
[Round "4"]
[White "O'Donnell, Tom"]
[Black "Lipnowski, Samuel"]
[Result "1/2-1/2"]
[WhiteElo "2489"]
[BlackElo "1948"]
[PlyCount "120"]
[GameId "2160767911743058"]
[EventDate "1999.07.02"]
[EventType "swiss"]
[EventRounds "11"]
[EventCountry "CAN"]
[SourceTitle "CA OP"]
[Source "ade"]

1. e4 e6 2. d4 d5 3. Nd2 dxe4 4. Nxe4 Nd7 5. Nf3 Ngf6 6. Nxf6+ Nxf6 7. Bd3 Be7 8. Bg5 O-O 9. Qe2 c5 10. dxc5 Qa5+ 11. c3 Qxc5 12. Rd1 Qc7 13. O-O Bd7 14. Ne5 Rad8 15. Bf4 Qc8 16. Qf3 Rfe8 17. Qh3 g6 18. Bg5 Qc7 19. Rfe1 Bc6 20. Qh4 Nh5 21. Bxe7 Qxe7 22. Qxe7 Rxe7 23. Nxc6 bxc6 24. Be4 Rb8 25. b3 c5 26. Rd6 Rc7 27. Red1 Nf6 28. Bf3 Kg7 29. Kf1 Rb5 30. Ra6 Rb8 31. Rdd6 Rbc8 32. Ra5 Re8 33. c4 Ree7 34. Ke2 Red7 35. Rda6 h5 36. h4 Ng8 37. Bc6 Rd6 38. Rxc5 Ne7 39. Ba4 Rxc5 40. Rxd6 Nf5 41. Rd7 Nxh4 42. g3 Re5+ 43. Kd3 Nf3 44. Rxa7 Rf5 45. Ke3 Ne5 46. f4 Ng4+ 47. Kf3 g5 48. Bd7 Ne5+ 49. Ke4 Nxd7 50. Rxd7 gxf4 51. gxf4 h4 52. b4 h3 53. b5 Rc5 54. Kf3 Rxc4 55. Kg3 Rb4 56. Kxh3 Rxb5 57. Ra7 Rb4 58. Kg3 Kg6 59. Kf3 f6 60. Ra5 Rc4 1/2-1/2

[Event "CAN-op"]
[Site "Vancouver CAN"]
[Date "1999.07.04"]
[Round "4"]
[White "Remedios, Russell"]
[Black "Xia, Yanchong"]
[Result "1-0"]
[WhiteElo "2110"]
[BlackElo "1734"]
[PlyCount "41"]
[GameId "2160767911743059"]
[EventDate "1999.07.02"]
[EventType "swiss"]
[EventRounds "11"]
[EventCountry "CAN"]
[SourceTitle "CA OP"]
[Source "ade"]

1. d4 Nf6 2. c4 g6 3. Nc3 Bg7 4. g3 O-O 5. Bg2 d6 6. Nf3 Nc6 7. O-O a5 8. h3 e5 9. e4 Ne8 10. Be3 Bd7 11. dxe5 Nxe5 12. Nxe5 dxe5 13. Bc5 c6 14. Qd2 Be6 15. Qxd8 Rxd8 16. Bxf8 Bxf8 17. b3 Bb4 18. Rad1 Rd4 19. Ne2 Rxd1 20. Rxd1 Nd6 21. Nc1 1-0

[Event "CAN-op"]
[Site "Vancouver CAN"]
[Date "1999.07.04"]
[Round "4"]
[White "Ristovic, Nenad"]
[Black "Poitras, Luc"]
[Result "1-0"]
[WhiteElo "2308"]
[BlackElo "2204"]
[PlyCount "77"]
[GameId "2160767911743060"]
[EventDate "1999.07.02"]
[EventType "swiss"]
[EventRounds "11"]
[EventCountry "CAN"]
[SourceTitle "CA OP"]
[Source "ade"]

1. d4 d5 2. c4 e6 3. Nc3 f5 4. g3 Nf6 5. Bg2 Be7 6. Nf3 O-O 7. O-O c6 8. b3 Qe8 9. Qc2 Qh5 10. Ne5 Nbd7 11. Nd3 g5 12. f3 b6 13. Qd2 Ne8 14. f4 Bf6 15. Ne5 gxf4 16. gxf4 Bxe5 17. fxe5 Bb7 18. Qf4 Kh8 19. Bf3 Qh3 20. Be3 Rg8+ 21. Kh1 Ng7 22. Qg5 dxc4 23. Rg1 f4 24. Qxf4 cxb3 25. Ne4 Raf8 26. Nf6 Rf7 27. Rg3 Qf5 28. Qxf5 exf5 29. Nxg8 f4 30. Nh6 Rf8 31. Bxf4 Rxf4 32. e6 Nf6 33. e7 Rxd4 34. axb3 Rh4 35. Rxg7 Rxh6 36. Rag1 Rg6 37. R1xg6 hxg6 38. Rf7 Bc8 39. Rxf6 1-0

[Event "CAN-op"]
[Site "Vancouver CAN"]
[Date "1999.07.04"]
[Round "4"]
[White "Saidy, Anthony"]
[Black "Bau, Edmund"]
[Result "1-0"]
[WhiteElo "2389"]
[BlackElo "2087"]
[PlyCount "81"]
[GameId "2160767911743061"]
[EventDate "1999.07.02"]
[EventType "swiss"]
[EventRounds "11"]
[EventCountry "CAN"]
[SourceTitle "CA OP"]
[Source "ade"]

1. d4 Nf6 2. c4 e6 3. Nc3 c5 4. d5 exd5 5. cxd5 d6 6. e4 Nbd7 7. Nf3 Be7 8. Bd3 O-O 9. O-O a6 10. a4 Ng4 11. Nd2 Nge5 12. Bc2 Bh4 13. Qe2 Ng6 14. Nf3 Bf6 15. Bd2 Be5 16. Nxe5 Ngxe5 17. f4 Ng6 18. h3 Nf6 19. Rae1 b5 20. Qf3 b4 21. Nd1 Bb7 22. Ne3 Qc7 23. b3 Rae8 24. Bc1 Qd8 25. Bb2 a5 26. Nf5 Bc8 27. g4 Bxf5 28. gxf5 Nh4 29. Qg3 Nh5 30. Qg4 g6 31. f6 Qb6 32. Qxh4 c4+ 33. Kh2 c3 34. Bc1 Qd4 35. Rg1 Nxf6 36. Be3 Ng4+ 37. Qxg4 Qg7 38. Qd7 Qf6 39. Rd1 Re7 40. Qg4 Rfe8 41. Bd4 1-0

[Event "CAN-op"]
[Site "Vancouver CAN"]
[Date "1999.07.04"]
[Round "4"]
[White "Scholz, Franz Peter"]
[Black "Fullbrook, Nigel"]
[Result "1/2-1/2"]
[WhiteElo "2166"]
[BlackElo "2351"]
[PlyCount "120"]
[GameId "2160767911743062"]
[EventDate "1999.07.02"]
[EventType "swiss"]
[EventRounds "11"]
[EventCountry "CAN"]
[SourceTitle "CA OP"]
[Source "ade"]

1. d4 Nf6 2. Nf3 c5 3. c3 b6 4. g3 Bb7 5. Bg2 d6 6. O-O Nbd7 7. Qb3 e6 8. Re1 Qc7 9. Nbd2 Ne4 10. Nxe4 Bxe4 11. Ng5 Bxg2 12. Kxg2 c4 13. Qc2 h6 14. Nf3 Be7 15. e4 O-O 16. Bf4 Rfc8 17. e5 d5 18. g4 Nf8 19. g5 h5 20. Nh4 Qd8 21. Qd2 b5 22. Rg1 a5 23. Kh1 g6 24. Qc2 b4 25. Bd2 bxc3 26. bxc3 Rcb8 27. f4 Qd7 28. Raf1 Rb7 29. Rb1 Rab8 30. Ng2 Ba3 31. Rxb7 Rxb7 32. Rb1 Rxb1+ 33. Qxb1 Qa4 34. Ne3 Nd7 35. Kg2 Kf8 36. Kf3 Ke8 37. Ke2 Be7 38. Bc1 Qc6 39. Nc2 Qb6 40. Qxb6 Nxb6 41. Na3 Na4 42. Kd2 Kd7 43. Kc2 Kc6 44. Nb1 Nb6 45. Bb2 Kb5 46. Bc1 Ka4 47. Bb2 Nc8 48. Bc1 Kb5 49. Kd1 Kc6 50. Ke2 Kd7 51. Kd1 Bf8 52. Ke2 Ke8 53. Kf3 Ne7 54. Ke2 Nf5 55. Kf2 Kd7 56. Ke2 Kc6 57. Kd1 Be7 58. Ke2 Bb4 59. Bb2 Kb5 60. Kf3 Be7 1/2-1/2

[Event "CAN-op"]
[Site "Vancouver CAN"]
[Date "1999.07.04"]
[Round "4"]
[White "Sokourinski, Sergei"]
[Black "Strojevs, Alexander"]
[Result "1-0"]
[WhiteElo "2253"]
[BlackElo "1884"]
[PlyCount "81"]
[GameId "2160767911743063"]
[EventDate "1999.07.02"]
[EventType "swiss"]
[EventRounds "11"]
[EventCountry "CAN"]
[SourceTitle "CA OP"]
[Source "ade"]

1. d4 Nf6 2. Nf3 g6 3. c4 Bg7 4. Nc3 d6 5. g3 O-O 6. Bg2 Nbd7 7. O-O a5 8. Qc2 e5 9. dxe5 Nxe5 10. Nxe5 dxe5 11. Rd1 Nd7 12. b3 c6 13. Ba3 Re8 14. Ne4 Bf8 15. Bxf8 Kxf8 16. Qd2 Qe7 17. Qh6+ Kg8 18. Nd6 Rf8 19. Bh3 f5 20. e4 Nc5 21. exf5 Bxf5 22. Bxf5 gxf5 23. Qe3 b6 24. Rd2 f4 25. Qe2 fxg3 26. hxg3 Rf6 27. Rad1 Raf8 28. Ne4 Nxe4 29. Qxe4 Qc5 30. Rf1 Kh8 31. Re2 Rf5 32. Kg2 R8f6 33. Rd2 Rf8 34. f3 Rg5 35. Rd7 Rg7 36. Rxg7 Kxg7 37. Rh1 h6 38. Qg4+ Kh7 39. Qd7+ Kg6 40. Qe6+ Rf6 41. Qg8+ 1-0

[Event "CAN-op"]
[Site "Vancouver CAN"]
[Date "1999.07.04"]
[Round "4"]
[White "Tate, William"]
[Black "Gardner, Robert"]
[Result "0-1"]
[WhiteElo "1975"]
[BlackElo "2338"]
[PlyCount "74"]
[GameId "2160767911743064"]
[EventDate "1999.07.02"]
[EventType "swiss"]
[EventRounds "11"]
[EventCountry "CAN"]
[SourceTitle "CA OP"]
[Source "ade"]

1. d4 Nf6 2. e3 c5 3. c3 e6 4. Bd3 b6 5. Nd2 Bb7 6. Ngf3 Be7 7. O-O Nc6 8. a3 Qc7 9. e4 Ng4 10. h3 h5 11. hxg4 hxg4 12. g3 gxf3 13. Nxf3 O-O-O 14. Bf4 Bd6 15. e5 Be7 16. Be4 Rdg8 17. d5 exd5 18. e6 Bd6 19. Bxd6 Qxd6 20. exf7 Rf8 21. Qxd5 Qh6 22. Nh4 Nd8 23. Qd3 Bxe4 24. Qxe4 g5 25. Qa8+ Kc7 26. Qxa7+ Nb7 27. Rfd1 Rxf7 28. Qa4 gxh4 29. Qxh4 Qxh4 30. gxh4 Rxh4 31. Kg2 Rg4+ 32. Kf1 Rgf4 33. Rd2 Nd6 34. b4 Ne4 35. Rc2 Rxf2+ 36. Rxf2 Rxf2+ 37. Ke1 Rh2 0-1

[Event "CAN-op"]
[Site "Vancouver CAN"]
[Date "1999.07.04"]
[Round "4"]
[White "Wright, Stephen"]
[Black "Levtchouk, George"]
[Result "1-0"]
[WhiteElo "2220"]
[BlackElo "2375"]
[PlyCount "69"]
[GameId "2160767911743065"]
[EventDate "1999.07.02"]
[EventType "swiss"]
[EventRounds "11"]
[EventCountry "CAN"]
[SourceTitle "CA OP"]
[Source "ade"]

1. g3 g6 2. Bg2 Bg7 3. d4 d6 4. e4 Nc6 5. Ne2 e5 6. dxe5 Nxe5 7. O-O Nf6 8. Nbc3 O-O 9. h3 Re8 10. f4 Nc6 11. Be3 Nxe4 12. Bxe4 d5 13. Qxd5 Qxd5 14. Bxd5 Rxe3 15. Kf2 Re7 16. Bg2 Nd4 17. Rfd1 Nxc2 18. Rac1 Nb4 19. a3 Nc6 20. Bxc6 bxc6 21. Rd8+ Bf8 22. Rcd1 Bb7 23. Rxa8 Bxa8 24. Rd8 Bb7 25. Na4 Kg7 26. Nd4 Re4 27. b4 Ba6 28. Nc3 Re7 29. f5 c5 30. f6+ Kxf6 31. Nd5+ Kg7 32. Nxe7 Bxe7 33. Rd7 Bd6 34. Ne6+ Kf6 35. Nxc7 1-0

[Event "CAN-op"]
[Site "Vancouver CAN"]
[Date "1999.07.05"]
[Round "4"]
[White "Huber, Gregory"]
[Black "Spraggett, Kevin"]
[Result "1/2-1/2"]
[WhiteElo "2209"]
[BlackElo "2521"]
[PlyCount "38"]
[GameId "2160767911743066"]
[EventDate "1999.07.02"]
[EventType "swiss"]
[EventRounds "11"]
[EventCountry "CAN"]
[SourceTitle "EXT 2000"]
[Source "ChessBase"]
[SourceDate "1999.11.18"]
[SourceVersion "1"]
[SourceVersionDate "1999.11.18"]
[SourceQuality "1"]

1. e4 c5 2. Nc3 e6 3. Nge2 a6 4. g3 Qc7 5. Bg2 d6 6. O-O Nc6 7. d3 Nf6 8. h3 b5 9. Be3 Bb7 10. Qd2 Be7 11. f4 Rd8 12. Rae1 O-O 13. Kh2 d5 14. e5 Nd7 15. d4 cxd4 16. Nxd4 Nc5 17. a3 Rc8 18. Nxc6 Bxc6 19. Bd4 g6 1/2-1/2

[Event "CAN-op"]
[Site "Vancouver CAN"]
[Date "1999.07.05"]
[Round "4"]
[White "Orlov, Georgi"]
[Black "Cummings, David"]
[Result "1-0"]
[WhiteElo "2501"]
[BlackElo "2357"]
[PlyCount "79"]
[GameId "2160767911743067"]
[EventDate "1999.07.02"]
[EventType "swiss"]
[EventRounds "11"]
[EventCountry "CAN"]
[SourceTitle "EXT 2000"]
[Source "ChessBase"]
[SourceDate "1999.11.18"]
[SourceVersion "1"]
[SourceVersionDate "1999.11.18"]
[SourceQuality "1"]

1. d4 Nf6 2. c4 e6 3. g3 d5 4. Bg2 Be7 5. Nf3 O-O 6. O-O dxc4 7. Qc2 a6 8. Qxc4 b5 9. Qc2 Bb7 10. Bf4 Nc6 11. Rd1 Nb4 12. Qc1 Rc8 13. Nc3 Qe8 14. a3 Nbd5 15. b4 Nxc3 16. Qxc3 Nd5 17. Qd2 Nxf4 18. Qxf4 Bd6 19. Qe3 Ra8 20. Qd3 f5 21. Qd2 f4 22. Qd3 Qh5 23. Rac1 Rf6 24. Ne5 Bxg2 25. Kxg2 Rh6 26. h4 Rf8 27. Qe4 fxg3 28. fxg3 Rhf6 29. Kh3 Qf5+ 30. Qxf5 Rxf5 31. e4 Rf2 32. Nd3 Re2 33. e5 Be7 34. Rxc7 Bd8 35. Rd7 g5 36. Nc5 h5 37. hxg5 Bxg5 38. Nxe6 Rff2 39. Rh1 Bh6 40. Nc5 1-0

[Event "CAN-op"]
[Site "Vancouver CAN"]
[Date "1999.07.05"]
[Round "5"]
[White "Brodie, Hugh"]
[Black "Goutor, Yaroslav"]
[Result "1-0"]
[WhiteElo "1990"]
[BlackElo "1692"]
[PlyCount "89"]
[GameId "2160767911743069"]
[EventDate "1999.07.02"]
[EventType "swiss"]
[EventRounds "11"]
[EventCountry "CAN"]

1. e4 e5 2. Nc3 Nf6 3. f4 exf4 4. e5 Qe7 5. Qe2 Ng8 6. Nf3 c6 7. d4 d6 8. Bxf4 dxe5 9. Nxe5 Nd7 10. O-O-O Ngf6 11. h3 h6 12. g4 Nb6 13. Bg2 Be6 14. Nxc6 bxc6 15. Bxc6+ Bd7 16. Bxa8 Qxe2 17. Nxe2 Nxa8 18. Rhe1 Be7 19. Ng3 Kf8 20. Ne4 Nb6 21. Bd6 Nxe4 22. Bxe7+ Kxe7 23. Rxe4+ Kd8 24. d5 Re8 25. Rxe8+ Bxe8 26. b3 f6 27. c4 Kd7 28. c5 Nc8 29. d6 a6 30. Re1 Bf7 31. Kb2 Kc6 32. b4 Kd7 33. a3 Kc6 34. Kc3 Kd7 35. a4 Kc6 36. b5+ axb5 37. axb5+ Kd7 38. Kb4 Kd8 39. Rd1 Kd7 40. c6+ Kd8 41. Kc5 Ba2 42. Re1 Bf7 43. b6 Be8 44. Rxe8+ Kxe8 45. b7 1-0